Sports Quiz

Random Sports or Country Quiz
Score 0/100 Timer 15:00
0 Plays Today
Country Cyclist % Correct
USALance Armstrong
96.6%
BelgiumEddy Merckx
93.7%
FranceBernard Hinault
89.5%
SpainMiguel Indurain
87.4%
ItalyFausto Coppi
86%
FranceJacques Anquetil
83.9%
GermanyJan Ullrich
82.8%
USAGreg LeMond
82.6%
IrelandSean Kelly
82.2%
IrelandStephen Roche
81.3%
The NetherlandsJoop Zoetemelk
79.2%
ItalyGino Bartali
77.4%
SpainAlberto Contador
74.6%
GermanyErik Zabel
73.8%
FranceLaurent Fignon
73.4%
SwitzerlandFabian Cancellara
71.9%
FranceLaurent Jalabert
71.5%
LuxembourgCharly Gaul
68.3%
ItalyFrancesco Moser
67.9%
BelgiumLucien Van Impe
67.9%
FranceRaymond Poulidor
67.7%
SwitzerlandTony Rominger
67.1%
ItalyFelice Gimondi
66.2%
SpainFederico Bahamontes
66.2%
AustraliaCadel Evans
66%
FranceLouison Bobet
65.4%
KazachstanAlexander Vinokourov
65.4%
SwitzerlandFerdi Kübler
64.8%
SpainLuis Ocaña
64.6%
The NetherlandsJan Janssen
64.6%
ItalyPaolo Bettini
64.4%
BelgiumRik van Looy
63.5%
ItalyMario Cipollini
63.3%
BelgiumRoger De Vlaeminck
63.1%
Country Cyclist % Correct
FranceRichard Virenque
62.9%
SpainPedro Delgado
62.3%
SwitzerlandHugo Koblet
62.3%
BelgiumJohan Museeuw
61.2%
SpainAlejandro Valverde
60.2%
ItalyGianni Bugno
59.7%
FranceBernard Thévenet
58.5%
BelgiumFreddy Maertens
58.1%
The NetherlandsJan Raas
56%
SpainOscar Freire
55.3%
BelgiumRik Van Steenbergen
53.7%
ItalyMichele Bartoli
52.2%
SpainRoberto Heras
51.2%
The NetherlandsMichael Boogerd
50.7%
ItalyGilberto Simoni
49.1%
SpainAbraham Olano
48.6%
DenmarkRolf Sørensen
48.6%
ItalyAlfredo Binda
48%
ItalyAlessandro Petacchi
46.8%
The NetherlandsHennie Kuiper
45.9%
GermanyRudi Altig
45.7%
ItalyGiuseppe Saronni
45.1%
UKRobert Millar
45.1%
ItalyMoreno Argentin
44.2%
AustraliaPhil Anderson
41.7%
ItalyDavide Rebellin
41.5%
ItalyFiorenzo Magni
40.3%
ItalyClaudio Chiappucci
40.3%
FranceAndré Darrigade
40%
ItalyGastone Nencini
39.8%
BelgiumPhilippe Thys
39.6%
LuxembourgNicolas Frantz
39.4%
ItalyDanilo Di Luca
39.4%
RussiaPavel Tonkov
39%
Country Cyclist % Correct
The NetherlandsSteven Rooks
38.6%
LuxembourgFrançois Faber
38.4%
FranceHenri Pélissier
38.2%
BelgiumWalter Godefroot
37.7%
ItalyCostante Girardengo
37.3%
FranceAntonin Magne
35.8%
BelgiumHerman van Springel
34.2%
BelgiumFred De Bruyne
33.8%
BelgiumStan Ockers
33.1%
SwitzerlandAlex Zülle
31.7%
ItalyMaurizio Fondriest
31.2%
BelgiumBriek Schotte
30.4%
FranceAndré Leducq
30.2%
FranceGustave Garrigou
27%
FranceCharly Mottet
26.6%
ItalyFranco Bitossi
26.4%
ItalyFrancesco Casagrande
26.4%
BelgiumClaude Criquielion
24.1%
SpainMarino Lejarreta
23.9%
ItalyVittorio Adorni
23.9%
ItalyLearco Guerra
22.4%
BelgiumRaymond Impanis
22.4%
SpainMiguel Poblet
21.8%
ItalyGianbattista Baronchelli
20.3%
FranceLouis Trousselier
20.3%
ItalyGaetano Belloni
19.9%
SpainJulián Berrendero
17.2%
ItalyGiovanni Brunero
16.6%
BelgiumFrans Verbeeck
12.8%
SpainDomingo Perurena
8.2%
SpainMiguel María Lasa
7.3%
SpainMariano Cañardo
5.5%
Remove Ads.
Support Sporcle.
Get the best of Sporcle when you Go Orange. This ad-free experience offers more features, more stats, and more fun while also helping to support Sporcle. Thank you for becoming a member.

You're not logged in!

Compare scores with friends on all Sporcle quizzes.
OR
Log In

Show Comments

Extras

Created Nov 13, 2010ReportNominate
Tags:Country Quiz, 100, 2009, Cyclist, greatest

Top Quizzes Today


Score Distribution

Your Account Isn't Verified!

In order to create a playlist on Sporcle, you need to verify the email address you used during registration. Go to your Sporcle Settings to finish the process.

Report this User

Report this user for behavior that violates our Community Guidelines.

Details: